| 000 | 00611nam a2200169 a 4500 | ||
|---|---|---|---|
| 008 | 100122s2004 ||||||||||||||||| || u | ||
| 020 | _a9780340812754 | ||
| 050 | _aQH 324.2 Ind | ||
| 100 | _aIndge, Bill | ||
| 245 | 1 | 0 | _aData and data handling for A2 level biology: advanced level |
| 260 |
_aLondon _bHodder Murray _c2004 |
||
| 300 | _aviii, 136p.: ill | ||
| 350 | _a0.00 | ||
| 650 | 0 | _aBIOLOGY--DATA PROCESSING | |
| 650 | 0 | _aBIOLOGY | |
| 995 |
_D0.00 _FCBU-MAIN LIBRARY (Kitwe) _H1 _I0.00 _M1 _UAVAILABLE _WMar 24, 2010 _ZMain Library Open Access Collection |
||
| 999 |
_c39393 _d39393 |
||